header

'Tis pity she's a whore (Record no. 178)

MARC details
000 -LEADER
fixed length control field 01176nam a2200313Ia 4500
082 04 - DEWEY DECIMAL CLASSIFICATION NUMBER
Classification number 822/.3
100 1# - MAIN ENTRY--AUTHOR NAME
Personal name Ford, John,
245 10 - TITLE STATEMENT
Title 'Tis pity she's a whore
260 ## - PUBLICATION, DISTRIBUTION, ETC. (IMPRINT)
Place of publication London ;
-- New York :
Name of publisher Routledge,
Year of publication 1997.
300 ## - PHYSICAL DESCRIPTION
Number of Pages 156 p.
490 1# - SERIES STATEMENT
Series statement Routlege English texts
650 #0 - SUBJECT ADDED ENTRY--TOPICAL TERM
Topical Term English drama (Tragedy)
700 1# - ADDED ENTRY--PERSONAL NAME
Personal name Barker, Simon.
856 40 - ELECTRONIC LOCATION AND ACCESS
Uniform Resource Identifier http://site.ebrary.com/lib/rucke/Doc?id=5003550

No items available.

© 2026 Rongo University
Contact us: librarian | system librarian | Rongo university